[Event "Mazowiec-chT 1617"]
[Site "Warsaw"]
[Date "2017.01.29"]
[Round "7.15"]
[White "Bartczak, Hanna"]
[Black "Pac, Maciej"]
[Result "0-1"]
[WhiteElo "1514"]
[BlackElo "1676"]
[PlyCount "44"]
[EventDate "2016.12.11"]
[EventType "team-tourn"]
[EventRounds "10"]
[EventCountry "POL"]
[SourceTitle "EXT 2019"]
[Source "ChessBase"]
[SourceDate "2018.10.10"]
[SourceVersion "1"]
[SourceVersionDate "2018.10.10"]
[SourceQuality "1"]

1. d4 c5 2. dxc5 Nc6 3. Nf3 e5 4. e4 Bxc5 5. Bc4 Nf6 6. Nc3 h6 7. 0-0 a6 8. a3 0-0 9. Qe2 Nd4 10. Nxd4 exd4 11. Nd5 Re8 12. Nxf6+ Qxf6 13. Bd5 Rb8 14. Qd3 b5 15. b4 Bb6 16. Bb2 Bb7 17. Bxb7 Rxb7 18. Rfd1 Qc6 19. f3 d5 20. exd5 Qxd5 21. Bxd4 Bxd4+ 22. Qxd4 Re1+ 0-1

[Event "Mazowiec-chT op 1617"]
[Site "Warsaw"]
[Date "2017.01.08"]
[Round "4.1"]
[White "Runowiecki, Tadeusz"]
[Black "Pac, Maciej"]
[Result "1/2-1/2"]
[WhiteElo "1850"]
[BlackElo "1676"]
[PlyCount "72"]
[EventDate "2016.12.11"]
[EventType "team-swiss"]
[EventRounds "10"]
[EventCountry "POL"]
[SourceTitle "EXT 2019"]
[Source "ChessBase"]
[SourceDate "2018.10.10"]
[SourceVersion "1"]
[SourceVersionDate "2018.10.10"]
[SourceQuality "1"]

1. d4 c5 2. d5 Nf6 3. c4 b5 4. cxb5 a6 5. Nc3 axb5 6. Nxb5 d6 7. Bg5 Nbd7 8. e3 g6 9. Nf3 Bg7 10. Nc3 0-0 11. Be2 Ba6 12. 0-0 Qa5 13. Qd2 Rfb8 14. Rac1 Nb6 15. Rfd1 h6 16. Bh4 g5 17. Bg3 Bb7 18. e4 Na4 19. Bd3 Nxc3 20. bxc3 Qa4 21. c4 Nd7 22. Rc2 Ba6 23. Qe2 Rb4 24. Nd2 Rb2 25. Rxb2 Bxb2 26. h4 f6 27. hxg5 h5 28. Nf1 Be5 29. Rd2 Kg7 30. Bxe5 Nxe5 31. Ne3 Rh8 32. Rb2 Qa3 33. Rb3 Qc1+ 34. Qf1 Qd2 35. Qe2 Qc1+ 36. Qf1 Qd2 1/2-1/2

[Event "Mazowiec-chT op 1516"]
[Site "Poland"]
[Date "2016.01.24"]
[Round "7.5"]
[White "Pac, Maciej"]
[Black "Szustakowski, Antoni"]
[Result "0-1"]
[WhiteElo "1726"]
[BlackElo "2057"]
[PlyCount "78"]
[EventDate "2015.11.29"]
[EventType "team-tourn"]
[EventRounds "10"]
[EventCountry "POL"]
[SourceTitle "EXT 2019"]
[Source "ChessBase"]
[SourceDate "2018.10.10"]
[SourceVersion "1"]
[SourceVersionDate "2018.10.10"]
[SourceQuality "1"]

1. e4 e6 2. d4 d5 3. Nd2 Be7 4. Ngf3 Nf6 5. e5 Nfd7 6. Bd3 b6 7. 0-0 Ba6 8. Qe2 Bxd3 9. Qxd3 c5 10. c3 Nc6 11. Re1 Qc7 12. Nf1 cxd4 13. Nxd4 Ncxe5 14. Qg3 Bf6 15. Bf4 h6 16. Nf3 Nxf3+ 17. Qxf3 Qc6 18. Rad1 0-0 19. Ng3 Qc8 20. Nh5 Qd8 21. Qg3 Kh7 22. Nxf6+ Qxf6 23. Be3 Nc5 24. Bd4 Qg6 25. Qe3 Nd7 26. Qf4 Rfe8 27. Qh4 e5 28. Be3 Qe6 29. Qg3 Nf6 30. f3 Qf5 31. Qf2 e4 32. Bd4 exf3 33. gxf3 Re6 34. Rxe6 fxe6 35. Re1 Re8 36. Re5 Qg6+ 37. Kf1 Nd7 38. Re1 e5 39. f4 exd4 0-1

[Event "Mazowiec-chT 1516"]
[Site "Poland"]
[Date "2016.01.10"]
[Round "3.14"]
[White "Borowy, Cezary"]
[Black "Pac, Maciej"]
[Result "1-0"]
[WhiteElo "1884"]
[BlackElo "1726"]
[PlyCount "47"]
[EventDate "2015.12.13"]
[EventType "team-tourn"]
[EventRounds "7"]
[EventCountry "POL"]
[SourceTitle "EXT 2019"]
[Source "ChessBase"]
[SourceDate "2018.10.10"]
[SourceVersion "1"]
[SourceVersionDate "2018.10.10"]
[SourceQuality "1"]
[WhiteTeam "Warszawa Hetman"]
[BlackTeam "Warszawa Entropia"]
[WhiteTeamCountry "POL"]
[BlackTeamCountry "POL"]

1. e4 c5 2. Nf3 d6 3. d4 cxd4 4. Nxd4 Nf6 5. Nc3 a6 6. Be3 e5 7. Nf3 Be6 8. Ng5 Be7 9. Nxe6 fxe6 10. Bc4 Qc8 11. Bb3 Nc6 12. Na4 Qd8 13. Nb6 Rb8 14. Bxe6 Qc7 15. 0-0 Nd8 16. Nd5 Nxd5 17. Bxd5 Nf7 18. Bxf7+ Kxf7 19. f4 exf4 20. Bxf4 Ke8 21. e5 Qc5+ 22. Kh1 dxe5 23. Qh5+ g6 24. Qxe5 1-0

[Event "Mazowiec-chT 1112"]
[Site "Poland"]
[Date "2012.02.19"]
[Round "7.5"]
[White "Pac, Maciej"]
[Black "Paziewski, Marcin"]
[Result "1/2-1/2"]
[WhiteElo "1784"]
[BlackElo "1774"]
[PlyCount "28"]
[EventDate "2012.01.08"]
[EventType "team-tourn"]
[EventRounds "10"]
[EventCountry "POL"]
[SourceTitle "EXT 2019"]
[Source "ChessBase"]
[SourceDate "2018.10.10"]
[SourceVersion "1"]
[SourceVersionDate "2018.10.10"]
[SourceQuality "1"]

1. e4 e6 2. d4 d5 3. Nd2 dxe4 4. Nxe4 Nd7 5. Nf3 Ngf6 6. Ng3 Be7 7. Bd3 0-0 8. 0-0 c5 9. c3 cxd4 10. Nxd4 Nc5 11. Bc2 Qc7 12. Qe2 Rd8 13. Re1 b6 14. a4 Bb7 1/2-1/2

[Event "Polanica Zdroj op-B 45th"]
[Site "Polanica Zdroj"]
[Date "2009.08.22"]
[Round "5"]
[White "Pac, Maciej"]
[Black "Siedlanowski, Lukasz"]
[Result "0-1"]
[WhiteElo "1830"]
[BlackElo "1688"]
[PlyCount "56"]
[EventDate "2009.08.18"]
[EventType "swiss"]
[EventRounds "10"]
[EventCountry "POL"]
[SourceTitle "CBM 131 Extra"]
[Source "ChessBase"]
[SourceDate "2009.09.03"]
[SourceVersion "2"]
[SourceVersionDate "2009.09.16"]
[SourceQuality "1"]

1. e4 c6 2. d4 d5 3. Nd2 dxe4 4. Nxe4 Bf5 5. Ng3 Bg6 6. N1e2 Nf6 7. Nf4 Nd5 8. Nxg6 hxg6 9. c3 Nd7 10. Be3 e6 11. Qc2 Bd6 12. Be2 Bxg3 13. 0-0-0 Bf4 14. Qd3 Qc7 15. g3 Bd6 16. Bd2 0-0-0 17. h4 e5 18. Kb1 Rhe8 19. Bf1 N7f6 20. Bh3+ Kb8 21. c4 Ne7 22. Rhe1 exd4 23. Qc2 c5 24. Qa4 Nc6 25. Rxe8 Rxe8 26. Bg2 Ne4 27. Be1 Qc8 28. f3 Nxg3 0-1

[Event "Polanica Zdroj op-B 45th"]
[Site "Polanica Zdroj"]
[Date "2009.08.18"]
[Round "1"]
[White "Pac, Maciej"]
[Black "Witek, Tomasz"]
[Result "0-1"]
[WhiteElo "1830"]
[BlackElo "2138"]
[PlyCount "56"]
[EventDate "2009.08.18"]
[EventType "swiss"]
[EventRounds "10"]
[EventCountry "POL"]
[SourceTitle "CBM 131 Extra"]
[Source "ChessBase"]
[SourceDate "2009.09.03"]
[SourceVersion "2"]
[SourceVersionDate "2009.09.16"]
[SourceQuality "1"]

1. e4 e6 2. d4 d5 3. Nd2 Nf6 4. e5 Nfd7 5. f4 c5 6. c3 Nc6 7. Ndf3 cxd4 8. cxd4 Bb4+ 9. Kf2 f6 10. g3 Qb6 11. Kg2 g5 12. fxg5 fxe5 13. dxe5 Ndxe5 14. Bd3 Bd7 15. Qe2 Nxd3 16. Qxd3 e5 17. Be3 d4 18. Bf2 0-0-0 19. a3 Bd6 20. b4 Kb8 21. b5 Ne7 22. a4 Rhf8 23. Nxd4 Rxf2+ 24. Kxf2 Bf5 25. Qd2 exd4 26. Nf3 d3+ 27. Kg2 Nd5 28. Rhe1 Bb4 0-1

[Event "Polanica Zdroj op-B 44th"]
[Site "Polanica Zdroj"]
[Date "2008.08.28"]
[Round "10"]
[White "Pac, Maciej"]
[Black "Anglart, Edward"]
[Result "1-0"]
[WhiteElo "1826"]
[BlackElo "1899"]
[PlyCount "55"]
[EventDate "2008.08.19"]
[EventType "swiss"]
[EventRounds "10"]
[EventCountry "POL"]
[SourceTitle "EXT 2009"]
[Source "ChessBase"]
[SourceDate "2008.11.26"]
[SourceVersion "1"]
[SourceVersionDate "2008.11.26"]
[SourceQuality "1"]

1. e4 c5 2. Nf3 g6 3. d4 cxd4 4. Nxd4 Bg7 5. Nc3 Nc6 6. Be3 Nf6 7. Qd2 Qa5 8. 0-0-0 Ng4 9. Bc4 Nxe3 10. fxe3 Ne5 11. Bb3 Bh6 12. h3 0-0 13. Qf2 Qc5 14. Nd5 e6 15. Nf6+ Kg7 16. Rhf1 Qe7 17. h4 a6 18. g4 Kh8 19. g5 Bg7 20. h5 b5 21. Qh4 h6 22. gxh6 Bxf6 23. Rxf6 gxh5 24. Qg5 Ng6 25. Rxg6 Qe8 26. Rg7 Rg8 27. Rg1 Bb7 28. Qf6 1-0